|
|
|
|
| LEADER |
00000cas a2200000 a 4500 |
| 001 |
vtls001378291 |
| 003 |
SK-MaSNL |
| 005 |
20260228155716.0 |
| 008 |
200515d19981998xo ar| r| 00y0y0slo |
| 015 |
|
|
|a SNBA2000/02-00497 (r. 1998)
|
| 020 |
|
|
|a 8080502088 (brož. : r. 1998)
|
| 035 |
|
|
|a SNK000332254
|
| 040 |
|
|
|a SNK
|b slo
|c SNK
|e AACR2
|
| 041 |
0 |
|
|a slo
|b eng
|
| 044 |
|
|
|a xo
|c SK
|
| 072 |
|
7 |
|a 574
|x Všeobecná ekológia
|2 konspekt
|
| 072 |
|
7 |
|a 502
|x Životné prostredie a jeho ochrana
|2 konspekt
|
| 080 |
|
|
|a 502:37.015.311
|2 2011
|
| 080 |
|
|
|a 574
|2 2011
|
| 080 |
|
|
|a (082)
|2 2011
|
| 245 |
0 |
0 |
|a Acta Universitatis Matthiae Belii
|p Sekcia ekológie a environmentálnej výchovy
|
| 246 |
1 |
0 |
|a Sekcia ekológie a environmentálnej výchovy
|
| 260 |
|
|
|a Banská Bystrica
|b Fakulta prírodných vied UMB
|c 1998
|
| 300 |
|
|
|a 1 zv.
|b fotogr., mp., sch., tab.
|c 21 cm
|
| 310 |
|
|
|a 1x ročne
|
| 362 |
0 |
|
|a 1 (1998)
|
| 504 |
|
|
|a Obsahuje bibliografické odkazy
|
| 546 |
|
|
|a Rezumé v angličtine
|
| 650 |
0 |
7 |
|a ekológia
|2 SNKPH
|9 785
|
| 650 |
0 |
7 |
|a environmentálna výchova a vzdelávanie
|2 SNKPH
|9 67556
|
| 650 |
0 |
7 |
|a Ecology
|2 SNKPHeng
|9 265189
|
| 650 |
0 |
7 |
|a Environmental education
|2 SNKPHeng
|9 265190
|
| 655 |
|
7 |
|a zborníky
|2 SNKPH
|9 70165
|
| 655 |
|
7 |
|a Papers of several authors
|2 SNKPHeng
|9 153738
|
| 910 |
|
|
|a snk
|
| 919 |
|
|
|a 80-8050-208-8
|
| 958 |
|
|
|a NB
|
| 999 |
|
|
|c 288
|d 288
|
| 952 |
|
|
|0 0
|1 0
|4 0
|7 0
|8 0
|a SNK
|b SNK
|d 1999-12-01
|i snkKSP 11877/99
|l 0
|o snkČSD 2137/1/1998 D1
|p 17A0219635
|r 2005-01-02 00:00:00
|w 2026-02-21
|y PREZ
|
| 952 |
|
|
|0 0
|1 0
|4 0
|7 0
|a SNK
|b SNK
|d 1999-12-01
|i snkKSP 11876/99
|l 0
|o snkČSD 2137/1/1998
|p 17A0219634
|r 2005-01-02 00:00:00
|w 2026-02-21
|y PREZ
|